000 00541nam a2200217 a 4500
003 AR-BaBNM
005 20251128205318.0
008 082120s2002 ||||||||||||||000 | spa||
040 _cAR-BaBNM
100 1 _aLitovska, Sergio
245 0 0 _aPoemas de la calle
_bpor un peso
260 _aBuenos Aires
_bEl autor
_c1997
300 _a24 p.
_bil.
650 4 _aLITERATURA ARGENTINA
650 4 _aPOESIA
650 4 _aLITERATURA CONTEMPORANEA
653 _aINFLUENCIA CLASICA
655 _aLITERATURA
942 _cBK
998 _cMARTIN
999 _c10875
_d10875